TV Title Translation - Spanish - Statistics

General Stats
  • This quiz has been taken 12,114 times
  • The average score is 14 of 22
Answer Stats
Spanish English % Correct
Amigos Friends
98%
Sexo y la ciudad Sex and the City
98%
Casa de cartas House of Cards
81%
Persona de interés Person of Interest
77%
Castillo Castle
76%
Gran hermano Big Brother
74%
Dos hombres y medio Two and a Half Men
74%
Liga de justicia Justice League
73%
Como conoci a tu madre How I Met Your Mother
71%
Ley y orden Law & Order
70%
Bailando con las estrellas Dancing with the Stars
65%
Las chicas doradas The Golden Girls
64%
El precio es correcto The Price is Right
63%
Juego de tronos Game of Thrones
57%
Hijos de la anarquía Sons of Anarchy
57%
Días alegres Happy Days
55%
Parque del sur South Park
55%
Tocado por un ángel Touched by an Angel
51%
Perdidos Lost
50%
Sangre verdadera True Blood
47%
Rey de la colina King of the Hill
44%
La ala del oeste The West Wing
31%
No matching quizzes found
Score Distribution
Percent of People with Each Score
Percentile by Number Answered
Your Score History
You have not taken this quiz